| 000 | 00919cam a2200301 a 4500 | ||
|---|---|---|---|
| 999 |
_c1641 _d1641 |
||
| 001 | 16332492 | ||
| 003 | GZU | ||
| 005 | 20220601160557.0 | ||
| 008 | 100714s2010 nyuab b 001 0 eng | ||
| 010 | _a 2010455329 | ||
| 020 | _a9780073404332 (hbk.) | ||
| 020 | _a0073404330 (MHID) | ||
| 040 |
_aDLC _cDLC |
||
| 043 | _an-us--- | ||
| 050 | 0 | 0 |
_aHM585 _bSCH 2010 |
| 100 | 1 |
_aSchaefer, Richard T. _eauthor |
|
| 245 | 1 | 0 |
_aSociology / _cRichard T. Schaefer. |
| 250 | _a12th ed. | ||
| 260 |
_aNew York : _bMcGraw-Hill, _cc2010. |
||
| 300 |
_axxxi, 579 p. : _bcol. ill., col. maps ; _c29 cm. |
||
| 504 | _aIncludes bibliographical references (p. 517-545) and indexes. | ||
| 650 | 0 | _aSociology. | |
| 650 | 0 | _aSocial problems. | |
| 651 | 0 |
_aUnited States _xSocial policy. |
|
| 906 |
_a7 _bcbc _corignew _d3 _encip _f20 _gy-gencatlg |
||
| 942 |
_2lcc _cBK _e12th _h585 _iSCH _kHM |
||